Catálogo
 En Linea

Manual de Usuario : (Registro nro. 44257)

Detalles MARC
000 -CABECERA
campo de control de longitud fija 00507nam a2200145 a 4500
001 - NÚMERO DE CONTROL
campo de control 000044768
005 - FECHA Y HORA DE LA ÚLTIMA TRANSACCIÓN
campo de control 20201002045619.0
008 - DATOS DE LONGITUD FIJA--INFORMACIÓN GENERAL
campo de control de longitud fija 150109s2013 dr a 000 0 spa d
040 ## - FUENTE DE LA CATALOGACIÓN
Centro catalogador/agencia de origen DO-SdBNP
Lengua de catalogación spa
Centro/agencia transcriptor BNPHU
082 ## - NÚMERO DE LA CLASIFICACIÓN DECIMAL DEWEY
Número de clasificación xxxxxxx
Número de documento/Ítem xxxxxxx
245 10 - MENCIÓN DE TÍTULO
Título Manual de Usuario :
Resto del título operación y mantenimiento de acueductos y sistemas solares (fotovoltáicos).
260 ## - PUBLICACIÓN, DISTRIBUCIÓN, ETC.
Lugar de publicación, distribución, etc. Santo Domingo :
Nombre del editor, distribuidor, etc. Save The Children,
Fecha de publicación, distribución, etc. 2013.
300 ## - DESCRIPCIÓN FÍSICA
Extensión 24 p. :
Otras características físicas il. ;
Dimensiones 20 cm.
700 1# - PUNTO DE ACCESO ADICIONAL--NOMBRE DE PERSONA
Nombre de persona Fundación para el Desarrollo Comunitario
9 (RLIN) 72780
Existencias
Estado de retiro Estado de pérdida Restricciones de uso No para préstamo Código de colección Localización permanente Ubicación/localización actual Ubicación en estantería Fecha de adquisición Número de inventario Total de préstamos Signatura topográfica completa Código de barras Fecha visto por última vez Número de copia Precio válido a partir de Tipo de ítem Koha
  Extraviado     Dominicana de Servicio General General Extraviado 09.01.2015 LF1   xxxxxxx xxxxxxx 44768-30 25.06.2020 e. 3 25.06.2020 Libro y Folleto Colección Dominicana de Servicio
      Excluido de préstamo Patrimonio Dominicano Patrimonio Dominicano Patrimonio Dominicano Depósito 09.01.2015 LF1   xxxxxxx xxxxxxx 44768-10 25.06.2020   25.06.2020 Libro y Folleto Colección Patrimonio Dominicano
  Extraviado   Excluido de préstamo Patrimonio Dominicano Patrimonio Dominicano Patrimonio Dominicano Extraviado 09.01.2015 LF1   xxxxxxx xxxxxxx 44768-20 25.06.2020 e. 2 25.06.2020 Libro y Folleto Colección Patrimonio Dominicano

Con tecnología Koha